[Event "MONTCADA"]
[Site "?"]
[Date "2015.06.29"]
[Round "5.10"]
[White "Gurevich, Daniel"]
[Black "Grigoryan, Karen H."]
[Result "1/2-1/2"]
[BlackElo "2590"]
[WhiteElo "2368"]
[LiveChessVersion "1.4.6"]

1. d4 {[%clk 1:17:25]} Nf6 {[%clk 1:28:10]} 2. Nf3 {[%clk 1:17:48]} e6
{[%clk 1:28:32]} 3. g3 {[%clk 1:18:09]} b5 {[%clk 1:28:54]} 4. Bg5
{[%clk 1:17:55]} Bb7 {[%clk 1:28:25]} 5. Nbd2 {[%clk 1:18:23]} d5
{[%clk 1:27:35]} 6. e3 {[%clk 1:17:34]} a6 {[%clk 1:27:01]} 7. Bd3
{[%clk 1:05:57]} c5 {[%clk 1:26:28]} 8. c3 {[%clk 1:05:43]} Nbd7 {[%clk 1:26:17]}
9. O-O {[%clk 1:01:06]} Qb6 {[%clk 1:26:13]} 10. Bxf6 {[%clk 1:00:06]} Nxf6
{[%clk 1:24:33]} 11. Re1 {[%clk 0:51:35]} Rd8 {[%clk 1:21:42]} 12. e4
{[%clk 0:46:52]} cxd4 {[%clk 1:17:08]} 13. Nxd4 {[%clk 0:46:24]} dxe4
{[%clk 1:16:34]} 14. Nxe4 {[%clk 0:46:39]} Nxe4 {[%clk 1:13:17]} 15. Bxe4
{[%clk 0:47:06]} Bc5 {[%clk 1:13:06]} 16. Bxb7 {[%clk 0:26:05]} Bxd4
{[%clk 1:13:05]} 17. cxd4 {[%clk 0:25:51]} Qxb7 {[%clk 1:13:31]} 18. Rc1
{[%clk 0:23:45]} O-O {[%clk 1:12:36]} 19. Re5 {[%clk 0:22:53]} Rd7
{[%clk 1:11:35]} 20. d5 {[%clk 0:18:38]} Rfd8 {[%clk 1:07:58]} 21. Rc5
{[%clk 0:17:52]} Rxd5 {[%clk 1:07:07]} 22. Rexd5 {[%clk 0:17:58]} Rxd5
{[%clk 1:07:18]} 23. Qc2 {[%clk 0:18:04]} Rxc5 {[%clk 1:05:07]} 24. Qxc5 h6
{[%clk 1:04:01]} 25. b3 {[%clk 0:17:50]} g5 {[%clk 1:03:58]} 26. h3
{[%clk 0:17:51]} Kg7 {[%clk 1:03:30]} 27. Qc3+ {[%clk 0:17:58]} Kh7
{[%clk 1:01:47]} 28. Qf6 {[%clk 0:17:09]} b4 {[%clk 1:01:51]} 29. Kh2
{[%clk 0:16:37]} a5 {[%clk 1:01:20]} 30. Kg1 {[%clk 0:14:46]} Qd7
{[%clk 1:01:33]} 31. Kh2 {[%clk 0:14:50]} Qe8 {[%clk 1:01:51]} 32. h4
{[%clk 0:13:58]} gxh4 {[%clk 1:01:33]} 33. Qxh4 {[%clk 0:13:42]} Qb5
{[%clk 1:01:20]} 34. Qf6 {[%clk 0:13:29]} Qh5+ {[%clk 1:01:43]} 35. Kg2
{[%clk 0:13:25]} Qg6 {[%clk 1:02:06]} 36. Qe5 {[%clk 0:12:57]} Qg5
{[%clk 1:02:30]} 37. Qe4+ {[%clk 0:11:29]} Kg8 {[%clk 1:02:42]} 38. Kh2
{[%clk 0:11:15]} Kg7 {[%clk 0:59:45]} 39. Qd4+ {[%clk 0:10:37]} Kg6
{[%clk 0:59:28]} 40. Qd3+ {[%clk 0:08:51]} Qf5 {[%clk 0:59:45]} 41. Qd2
{[%clk 0:09:21]} h5 {[%clk 0:58:20]} 42. Kg1 {[%clk 0:09:28]} Qe4
{[%clk 0:56:31]} 43. Qd8 {[%clk 0:06:18]} Qd5 {[%clk 0:56:15]} 44. Qg8+
{[%clk 0:06:14]} Kf6 {[%clk 0:56:41]} 45. Qh8+ {[%clk 0:06:12]} Ke7
{[%clk 0:57:04]} 46. Qh6 {[%clk 0:06:03]} Qe5 {[%clk 0:56:21]} 47. Kg2
{[%clk 0:05:46]} Kd7 {[%clk 0:56:02]} 48. Qh7 {[%clk 0:05:49]} Ke7
{[%clk 0:55:58]} 49. Qh6 {[%clk 0:06:15]} Qe4+ {[%clk 0:56:23]} 50. Kh2
{[%clk 0:06:32]} Qf5 {[%clk 0:55:41]} 51. Qe3 {[%clk 0:06:22]} Qd5
{[%clk 0:55:10]} 52. Qf4 {[%clk 0:05:07]} Qc5 {[%clk 0:55:09]} 53. Kg2
{[%clk 0:05:20]} f6 {[%clk 0:55:25]} 54. Qb8 {[%clk 0:05:01]} f5 {[%clk 0:54:27]}
55. Kf1 {[%clk 0:02:51]} Qd5 {[%clk 0:54:07]} 56. Kg1 {[%clk 0:03:01]} Qc5
{[%clk 0:51:34]} 57. Kf1 {[%clk 0:03:14]} Kd7 {[%clk 0:52:00]} 58. Kg1
{[%clk 0:02:57]} Qc7 {[%clk 0:51:18]} 59. Qb5+ {[%clk 0:02:45]} Kd6
{[%clk 0:51:03]} 60. Qd3+ {[%clk 0:03:15]} Ke7 {[%clk 0:51:08]} 61. Qb5
{[%clk 0:03:43]} Kf6 {[%clk 0:51:24]} 62. Kg2 {[%clk 0:03:44]} Qe5
{[%clk 0:50:12]} 63. Qb6 {[%clk 0:03:32]} Qd5+ {[%clk 0:50:06]} 64. Kg1
{[%clk 0:03:46]} f4 {[%clk 0:50:14]} 65. gxf4 {[%clk 0:04:08]} Kf5
{[%clk 0:50:24]} 66. Qe3 {[%clk 0:04:20]} h4 {[%clk 0:46:29]} 67. f3
{[%clk 0:03:06]} e5 {[%clk 0:46:04]} 68. fxe5 {[%clk 0:02:56]} Qxe5
{[%clk 0:46:30]} 69. Qf2 {[%clk 0:02:01]} h3 {[%clk 0:46:24]} 70. Kh1
{[%clk 0:01:38]} Qf4 {[%clk 0:44:59]} 71. Qc5+ {[%clk 0:01:36]} Kg6
{[%clk 0:45:00]} 72. Qd5 {[%clk 0:01:31]} Qf5 {[%clk 0:44:14]} 73. Qd6+
{[%clk 0:01:59]} Kh5 {[%clk 0:44:25]} 74. Qg3 {[%clk 0:02:10]} Qb1+
{[%clk 0:44:06]} 75. Kh2 {[%clk 0:02:08]} Qxa2+ {[%clk 0:44:33]} 76. Kxh3
{[%clk 0:02:30]} Qxb3 {[%clk 0:44:42]} 77. Qe5+ {[%clk 0:02:35]} Kh6
{[%clk 0:43:09]} 78. Qxa5 {[%clk 0:02:19]} Qxf3+ {[%clk 0:43:33]} 79. Kh4
{[%clk 0:02:30]} Qe4+ {[%clk 0:41:21]} 80. Kg3 {[%clk 0:02:56]} Qc4
{[%clk 0:40:26]} 81. Kf3 {[%clk 0:02:13]} b3 {[%clk 0:40:48]} 82. Qd2+
{[%clk 0:02:26]} Kg6 {[%clk 0:38:19]} 83. Ke3 {[%clk 0:02:55]} Qa4
{[%clk 0:38:42]} 84. Kd3 Qb5+ {[%clk 0:38:17]} 85. Kc3 {[%clk 0:02:26]} Qa5+
{[%clk 0:38:42]} 86. Kd3 {[%clk 0:02:52]} Qd8+ {[%clk 0:38:15]} 87. Kc3
{[%clk 0:03:06]} Qa5+ {[%clk 0:38:41]} 88. Kd3 {[%clk 0:03:32]} Qa2
{[%clk 0:39:04]} 89. Kc3 {[%clk 0:03:44]} Qa5+ {[%clk 0:38:31]} 1/2-1/2